| 000 | 004070000a22001210004500 | ||
|---|---|---|---|
| 090 |
_aAR _b04785 |
||
| 100 | 1 |
_aSpringer, Monika _978089 |
|
| 700 | 1 |
_aGerecke, Reinhard _998946 |
|
| 245 | 1 | 0 | _aMale of Neotorrenticola plumipes Lundblad, 1953 (Acari, Actinedida, Limnesiidae) from Costa Rica |
| 041 | 0 | _aInglés | |
| 942 | _cARTICULO | ||
| 773 | 1 |
_tStudies on neotropical fauna and environment _h4 _q243-252 _d1992 _g27 |
|
| 999 |
_c13885 _d13885 |
||